[Event "only the better players(over 2400) leisure version"]
[Site "SchemingMind.com"]
[Date "2018.05.01"]
[Round "-"]
[White "Professor"]
[Black "Keithk"]
[Result "1-0"]
[WhiteCountry "USA"]
[BlackCountry "ENG"]
[WhiteElo "2542"]
[WhiteRD "77"]
[BlackElo "2544"]
[BlackRD "64"]
[GameID "427816"]

1. e4 e5 2. Nf3 Nc6 3. Bb5 a6 4. Ba4 Nf6 5. d3 Bc5 6. O-O d6 7. c3 O-O 8. h3 Ba7 9. Re1 b5 10. Bc2 h6
11. Nbd2 Re8 12. Nf1 d5 13. exd5 Nxd5 14. Ng3 Be6 15. Bd2 Rb8 16. Rc1 a5 17. a3 Bb6 18. Bb1 Qd6 19. c4 bxc4 20. Ne4 Qd8
21. dxc4 Nde7 22. b4 f5 23. Ng3 e4 24. Nxe4 fxe4 25. Rxe4 Bf5 26. c5 Qd5 27. Bc2 Bxe4 28. Bb3 Ba7 29. Bxd5+ Bxd5 30. Bc3 Rf8
31. Ne1 Rf7 32. Nc2 Rd8 33. Qe2 Rdf8 34. Ne3 Rxf2 35. Qxf2 Rxf2 36. Kxf2 axb4 37. axb4 Be4 38. Rd1 Kf7 39. g4 Bb8 40. h4 Na7
41. Nc4 Nac6 42. Ne5+ Nxe5 43. Bxe5 Bc2 44. Rd2 Ba4 45. h5 Bb5 46. Ke3 Bc4 47. Rf2+ Kg8 48. Rc2 Bb5 49. Ra2 Nc6 50. Bc3 Bc4
51. Rd2 Kf7 52. Rd7+ Ne7 53. Rd8 Ba7 54. Kf3 Be6 55. Bd2 Bd5+ 56. Kf2 Bb7 57. Be3 Ke6 58. Kg3 Ba6 59. Rh8 Kf7 60. Bf4 Nc6
61. Bd2 Bd3 62. Rc8 Ne7 63. Rd8 Bb5 64. Bf4 Ke6 65. Bxc7 Nc6 66. Ra8 Ba6 67. Bd6 Bd3 68. Kf4 Ba6 69. g5 Kf7 70. Rf8+ Ke6
71. gxh6 gxh6 72. Rh8 Nxb4 73. Rxh6+ Kd5 74. Rf6 Bd3 75. h6
1-0

[Event "only the better players(over 2400) leisure version"]
[Site "SchemingMind.com"]
[Date "2018.05.01"]
[Round "-"]
[White "Keithk"]
[Black "Professor"]
[Result "1/2-1/2"]
[WhiteCountry "ENG"]
[BlackCountry "USA"]
[WhiteElo "2529"]
[WhiteRD "59"]
[BlackElo "2569"]
[BlackRD "91"]
[GameID "427817"]

1. e4 e5 2. Nf3 Nc6 3. Bb5 a6 4. Ba4 d6 5. O-O Bd7 6. c3 Nf6 7. Re1 g6 8. d4 b5 9. Bc2 Bg7 10. Be3 Qe7
11. h3 O-O 12. Nbd2 Rfb8 13. Nf1 Na5 14. b3 c5 15. Ng3 Nb7 16. d5 Ne8 17. Nd2 Bf6 18. Nf3 Bg7 19. Bd3 Nc7 20. h4 h5
21. Be2 b4 22. c4 a5 23. a4 bxa3 24. Rxa3 Na6 25. Qd2 Nb4 26. Rea1 Qf8 27. Qc1 f6 28. Bd2 Qe7 29. Ne1 Qf8 30. Qd1 Qe7
31. Bf3 Kh8 32. Nc2 Qf8 33. Ne3 Bh6 34. Bc3 Bxe3 35. fxe3 Qh6 36. Qe2 Qg7=
1/2-1/2

[Event "only the better players(over 2400) leisure version"]
[Site "SchemingMind.com"]
[Date "2018.05.01"]
[Round "-"]
[White "Till Plewe"]
[Black "Keithk"]
[Result "1/2-1/2"]
[WhiteCountry "JPN"]
[BlackCountry "ENG"]
[WhiteElo "2469"]
[WhiteRD "75"]
[BlackElo "2529"]
[BlackRD "59"]
[GameID "427820"]

1. e4 e5 2. Bc4 Nf6 3. d3 c6 4. Nf3 d5 5. Bb3 a5 6. a4 Bb4+ 7. c3 Bd6 8. exd5 cxd5 9. Bg5 Be6 10. Na3 Nbd7
11. Nb5 Bb8 12. d4 e4 13. Nd2 h6 14. Bh4 O-O 15. Nf1 Bf4 16. Ne3 Nb6 17. Qe2 Rc8 18. h3 Bd7 19. Bg3 Bxg3 20. fxg3 Ne8
21. O-O Be6 22. g4 Rc6 23. Na7 Rd6 24. Nb5 Rd7 25. Nf5 Nc8 26. Rf4 Ned6 27. Nbxd6 Nxd6 28. Ne3 Nc8 29. Raf1 Qb6 30. Bd1 Ne7
31. g3 Rdd8 32. Kg2 f6 33. h4 Rc8 34. R4f2 Rf7 35. Qb5=
1/2-1/2

[Event "only the better players(over 2400) leisure version"]
[Site "SchemingMind.com"]
[Date "2018.05.01"]
[Round "-"]
[White "Keithk"]
[Black "Till Plewe"]
[Result "1/2-1/2"]
[WhiteCountry "ENG"]
[BlackCountry "JPN"]
[WhiteElo "2561"]
[WhiteRD "61"]
[BlackElo "2483"]
[BlackRD "76"]
[GameID "427821"]

1. e4 e6 2. d4 d5 3. Nc3 Bb4 4. e5 c5 5. Bd2 Nh6 6. a3 Bxc3 7. Bxc3 b6 8. Bb5+ Bd7 9. Bd3 Nc6 10. Nf3 cxd4
11. Bxd4 Nxd4 12. Nxd4 f6 13. Nf3 Nf7 14. Qe2 O-O 15. O-O Rc8 16. Rae1 h6 17. c3 g5 18. c4 dxc4 19. Bxc4 Nxe5 20. Nxe5 fxe5
21. Qd3 Qf6 22. Qxd7 Rxc4 23. Qxa7 Qd8 24. h3 Qd6 25. Qa6 Rd4 26. Re2 Kg7 27. Rfe1 Rd1 28. Qb7+ Rf7 29. Qe4 Rd5 30. b4 Rf4
31. Qc2 b5 32. Qc8 Rc4 33. Qb7+ Rc7 34. Qb8 Rd7 35. Qxd6 R7xd6 36. Rxe5 Kf6 37. R5e4 Rd3 38. R1e3 Rxe3 39. Rxe3 e5 40. Rc3 Kf5
41. Rc5 Rb6 42. Kh2 h5 43. h4 gxh4 44. Kh3 Ra6 45. Kxh4 Rxa3 46. Kxh5 Ra2 47. Rc8 Ke6 48. Rf8 Rb2 49. g4 Rxb4 50. g5 Ke7
51. Rf3 Rf4 52. Rxf4 exf4 53. Kh6=
1/2-1/2

[Event "only the better players(over 2400) leisure version"]
[Site "SchemingMind.com"]
[Date "2018.05.02"]
[Round "-"]
[White "kibic"]
[Black "Keithk"]
[Result "1/2-1/2"]
[WhiteCountry "INT"]
[BlackCountry "ENG"]
[WhiteElo "2542"]
[WhiteRD "80"]
[BlackElo "2554"]
[BlackRD "62"]
[GameID "427822"]

1. e4 e5 2. Nf3 Nc6 3. Bb5 a6 4. Ba4 Nf6 5. O-O b5 6. Bb3 Bb7 7. d3 Be7 8. c4 O-O 9. Nc3 bxc4 10. Bxc4 d6
11. Rb1 Na5 12. Bd5 c6 13. Bxf7+ Rxf7 14. b4 Bc8 15. bxa5 Bg4 16. Ne2 Bxf3 17. gxf3 d5 18. Qc2 Qd7 19. Ng3 Rc8 20. Nf5 Bd8
21. Qc5 Be7 22. Qc3 Qe6 23. f4 exf4 24. f3 Nh5 25. Nxe7+ Rxe7 26. Rb6 Qd7 27. Rf2 Re6 28. Qb3 Kh8 29. Rb8 Rxb8 30. Qxb8+ Re8
31. Qb6 h6 32. Qd4 Kh7 33. Bb2 Re6 34. Rg2 Qe7 35. Kf1 Nf6 36. Qf2 c5 37. Qh4 d4 38. Qxf4 Nd7 39. Qf5+ Kh8 40. f4 Rf6
41. Qg4 Ne5 42. Qg3 Rg6 43. Qh3 Qf7 44. Bc1 Rf6 45. Kg1 c4 46. dxc4 Qxc4 47. Bd2 Kh7 48. Qh5 Qc2 49. h3 Nc4 50. e5 Rg6
51. Qxg6+ Qxg6 52. Rxg6 Kxg6 53. Bb4 Kf5 54. h4 Nb2 55. Bc5 Nd3 56. Bxd4 Nxf4 57. Kf2 Nd3+ 58. Kg3 Nxe5 59. h5 g5 60. hxg6 Nxg6
61. Bb6 h5 62. Bd8 Ke4 63. Bf6 Kd5 64. Kf3 Ne5+ 65. Kf4 Nc6 66. Kg5 Kc4 67. Kxh5 Nxa5 68. Kg4=
1/2-1/2

[Event "only the better players(over 2400) leisure version"]
[Site "SchemingMind.com"]
[Date "2018.05.02"]
[Round "-"]
[White "Keithk"]
[Black "kibic"]
[Result "1/2-1/2"]
[WhiteCountry "ENG"]
[BlackCountry "INT"]
[WhiteElo "2540"]
[WhiteRD "61"]
[BlackElo "2547"]
[BlackRD "87"]
[GameID "427823"]

1. e4 e5 2. Nf3 Nc6 3. Bb5 a6 4. Ba4 Nf6 5. O-O Be7 6. Re1 b5 7. Bb3 O-O 8. c3 d5 9. exd5 Nxd5 10. Nxe5 Nxe5
11. Rxe5 c6 12. d4 Bd6 13. Re1 Qh4 14. g3 Qh3 15. Be3 Bg4 16. Qd3 Rae8 17. Nd2 Re6 18. a4 Qh5 19. axb5 axb5 20. Qf1 Bb8
21. Bxd5 Qxd5 22. Qg2 Qh5 23. h4 Be2 24. Ra6 Rc8 25. Ra8 Rf8 26. Rea1 h6 27. R1a6 Qg6 28. Rb6 Bc7 29. Rxf8+ Kxf8 30. Rb7 Bd6
31. Qxc6 Bxg3 32. Qg2 Bxh4 33. d5 Rf6 34. Kh2 Qxg2+ 35. Kxg2 Ke8 36. b3 Rg6+ 37. Kh3 Be7 38. c4 bxc4 39. bxc4 f5 40. Rb8+ Kf7
41. Rb7 Ke8 42. Rb8+ Kf7 43. f3 Ra6 44. Rb7 Ke8 45. Kg3 Ra2 46. c5 Ba6 47. Rb8+ Kd7 48. c6+ Kc7 49. Ra8 Bd6+ 50. Kh4 f4
51. Ra7+ Kb8 52. Bb6 Rxd2 53. Rxa6 Rxd5 54. Ra7 Rb5 55. Rb7+ Kc8 56. Bd4 g5+ 57. Kg4 Rxb7 58. cxb7+ Kxb7 59. Bg7 Kc6 60. Bxh6 Kd5
61. Bxg5 Ke6=
1/2-1/2

[Event "only the better players(over 2400) leisure version"]
[Site "SchemingMind.com"]
[Date "2018.05.04"]
[Round "-"]
[White "frankly"]
[Black "Keithk"]
[Result "0-1"]
[WhiteCountry "ENG"]
[BlackCountry "ENG"]
[WhiteElo "2620"]
[WhiteRD "70"]
[BlackElo "2468"]
[BlackRD "60"]
[GameID "427824"]

1. e4 e5 2. Nf3 Nc6 3. Bb5 a6 4. Ba4 Nf6 5. O-O b5 6. Bb3 Bb7 7. d3 Be7 8. Nc3 O-O 9. Bd2 d6 10. Nd5 Nxd5
11. Bxd5 Qc8 12. Re1 Bf6 13. a4 Nd8 14. h3 Ne6 15. Nh2 Bxd5 16. exd5 Nc5 17. a5 Qb7 18. Ng4 Nd7 19. Ne3 g6 20. Rb1 Bg7
21. b4 f5 22. c4 Nf6 23. Qc2 Rab8 24. Nd1 c6 25. dxc6 Qxc6 26. Rc1 Qb7 27. Ne3 f4 28. Ng4 Nxg4 29. hxg4 f3 30. cxb5 fxg2
31. Qb3+ Kh8 32. Rc3 Qf3 33. Bf4 Rxf4 34. Rc2 Qh3 35. f3 Qh1+
0-1

[Event "only the better players(over 2400) leisure version"]
[Site "SchemingMind.com"]
[Date "2018.05.04"]
[Round "-"]
[White "Keithk"]
[Black "frankly"]
[Result "1/2-1/2"]
[WhiteCountry "ENG"]
[BlackCountry "ENG"]
[WhiteElo "2468"]
[WhiteRD "60"]
[BlackElo "2620"]
[BlackRD "70"]
[GameID "427825"]

1. e4 c5 2. Nf3 Nc6 3. d4 cxd4 4. Nxd4 Nf6 5. Nc3 e5 6. Ndb5 d6 7. Bg5 a6 8. Na3 b5 9. Bxf6 gxf6 10. Nd5 f5
11. Bd3 Be6 12. O-O Bxd5 13. exd5 Ne7 14. c3 Bg7 15. Qh5 e4 16. Be2 O-O 17. Nc2 Re8 18. Rad1 f4 19. Nb4 Qb6 20. Qg5 a5
21. Nc6 Nxc6 22. dxc6 Re5 23. Qxf4 Qxc6 24. a3 d5 25. f3 Rf8 26. Kh1 f5 27. fxe4 dxe4 28. g3 Kh8 29. Qe3 Ree8 30. Qd2 Rb8
31. Qg5 Qe6 32. g4 fxg4 33. Rxf8+ Rxf8 34. Rg1 b4 35. Rxg4 Rg8 36. cxb4 axb4=
1/2-1/2

[Event "only the better players(over 2400) leisure version"]
[Site "SchemingMind.com"]
[Date "2018.07.06"]
[Round "-"]
[White "Jari Laine"]
[Black "Ramesh Panwar"]
[Result "1/2-1/2"]
[WhiteCountry "FIN"]
[BlackCountry "IND"]
[WhiteElo "2498"]
[WhiteRD "73"]
[BlackElo "2493"]
[BlackRD "87"]
[GameID "429928"]

1. e4 e5 2. Nf3 Nc6 3. d4 exd4 4. Nxd4 Nf6 5. Nxc6 bxc6 6. e5 Qe7 7. Qe2 Nd5 8. c4 Ba6 9. Nd2 g6 10. Nf3 Qb4+
11. Kd1 Bg7 12. Qd2 Qxd2+ 13. Bxd2 Nb6 14. Rc1 c5 15. Bd3 O-O 16. Re1 d6 17. exd6 cxd6 18. b3 Rfd8 19. Re3 Bb7 20. Re7 Rd7
21. Rxd7 Nxd7 22. Ke2 f5 23. Kf1 Kf7 24. Ng5+ Kg8 25. Be2 Re8 26. Bf3 Bxf3 27. Nxf3 Ne5 28. Re1 Kf8=
1/2-1/2

[Event "only the better players(over 2400) leisure version"]
[Site "SchemingMind.com"]
[Date "2018.07.06"]
[Round "-"]
[White "Ramesh Panwar"]
[Black "Jari Laine"]
[Result "1-0"]
[WhiteCountry "IND"]
[BlackCountry "FIN"]
[WhiteElo "2570"]
[WhiteRD "67"]
[BlackElo "2505"]
[BlackRD "74"]
[GameID "429929"]

1. d4 d5 2. c4 c6 3. Nc3 dxc4 4. e3 e6 5. Bxc4 Nf6 6. Nf3 b5 7. Bd3 a6 8. O-O Bb7 9. e4 c5 10. d5 exd5
11. e5 Ne4 12. Qc2 Nxc3 13. bxc3 Bc8 14. Bxh7 Be7 15. a4 b4 16. cxb4 Nc6 17. bxc5 Bg4 18. e6 Bxf3 19. gxf3 Nd4 20. exf7+ Kf8
21. Qd3 Bxc5 22. Rb1 Qh4 23. Ba3 Bxa3 24. Qxa3+ Qe7 25. Qxe7+ Kxe7 26. Rb7+ Kf8 27. Bb1 Rh5 28. Rd1 Ne2+ 29. Kh1 Nf4 30. Rb4 g5
31. Rb7 Rd8 32. Bf5 d4 33. Rd7 Rxd7 34. Bxd7 d3 35. Bf5 Kxf7 36. Bxd3 a5 37. Bf5 Rh8 38. Rb1 Re8 39. h3 Re2 40. Rb5 Rxf2
41. Bg4 Ra2 42. Rxg5 Rxa4 43. Kh2 Kf6 44. Rb5 Ke7 45. Kg3 Kd6 46. Rb6+ Ke5 47. h4 Ne2+ 48. Kh2 Ra2 49. h5 Kf4 50. Rb7 a4
51. h6 Kg5 52. h7 Nf4+ 53. Kg1 Ra1+ 54. Kf2 Ra2+ 55. Ke3 Re2+ 56. Kd4 Rd2+ 57. Kc3 Rd8 58. Rg7+ Kh6 59. Rd7 Rc8+ 60. Kd2 Rh8
61. Bf5 Nh5 62. Ra7 Nf6 63. Rxa4 Nxh7 64. Bxh7 Rxh7 65. Rh4+
1-0

[Event "only the better players(over 2400) leisure version"]
[Site "SchemingMind.com"]
[Date "2018.07.01"]
[Round "-"]
[White "Professor"]
[Black "Ramesh Panwar"]
[Result "1/2-1/2"]
[WhiteCountry "USA"]
[BlackCountry "IND"]
[WhiteElo "2541"]
[WhiteRD "75"]
[BlackElo "2493"]
[BlackRD "87"]
[GameID "429932"]

1. e4 e5 2. Nf3 Nc6 3. Bb5 a6 4. Ba4 Nf6 5. d3 b5 6. Bb3 Bc5 7. c3 d6 8. O-O Bd7 9. Bg5 h6 10. Bh4 Bb6
11. Nbd2 Rb8 12. a4 g5 13. Bg3 O-O 14. Re1 b4 15. h3 Re8 16. Bc4 Bc8 17. Rc1 Kg7 18. Bh2 bxc3 19. bxc3 Ba7 20. d4 g4
21. hxg4 exd4 22. cxd4 Nxd4 23. Nxd4 Bxd4 24. Nf3 Bb2 25. Rc2 Bxg4 26. Bxa6 Be5 27. Bxe5 Rxe5 28. Bb5 Nxe4 29. Qd3 Bxf3 30. Qxf3 Qe7=
1/2-1/2

[Event "only the better players(over 2400) leisure version"]
[Site "SchemingMind.com"]
[Date "2018.07.01"]
[Round "-"]
[White "Ramesh Panwar"]
[Black "Professor"]
[Result "1/2-1/2"]
[WhiteCountry "IND"]
[BlackCountry "USA"]
[WhiteElo "2459"]
[WhiteRD "104"]
[BlackElo "2555"]
[BlackRD "80"]
[GameID "429933"]

1. d4 Nf6 2. c4 e6 3. Nc3 Bb4 4. e3 O-O 5. Bd3 c5 6. Ne2 d5 7. cxd5 cxd4 8. exd4 Nxd5 9. O-O Nc6 10. Nxd5 exd5
11. Be3 Re8 12. a3 Bd6 13. Nc3 Be6 14. Qf3 Rc8 15. Rac1 a6 16. Rfe1 Qd7 17. h3 Na5 18. Rcd1 Nc4 19. Bc1 b5 20. Ne2 Qd8
21. Qh5 g6 22. Qf3 Bf8 23. Nf4=
1/2-1/2

[Event "only the better players(over 2400) leisure version"]
[Site "SchemingMind.com"]
[Date "2018.07.01"]
[Round "-"]
[White "Till Plewe"]
[Black "Ramesh Panwar"]
[Result "1/2-1/2"]
[WhiteCountry "JPN"]
[BlackCountry "IND"]
[WhiteElo "2449"]
[WhiteRD "78"]
[BlackElo "2439"]
[BlackRD "107"]
[GameID "429936"]

1. e4 e5 2. Bc4 Nf6 3. d3 c6 4. Nf3 d5 5. Bb3 Bd6 6. exd5 Nxd5 7. O-O O-O 8. Re1 Nd7 9. d4 exd4 10. Bxd5 cxd5
11. Qxd4 Bc5 12. Qxd5 Qb6 13. Re2 Nf6 14. Qb3 Qc7 15. Be3 Re8 16. Nbd2 Bxe3 17. Rxe3 Rxe3 18. fxe3 Be6 19. Qd3 Re8 20. Re1 a6
21. Nd4 b5= 22. Nxe6 Rxe6 23. Nf3 Ng4 24. h3 Ne5 25. Nxe5 Qxe5 26. c3 Rd6= 27. Qc2 g6 28. a3=
1/2-1/2

[Event "only the better players(over 2400) leisure version"]
[Site "SchemingMind.com"]
[Date "2018.07.01"]
[Round "-"]
[White "Ramesh Panwar"]
[Black "Till Plewe"]
[Result "1/2-1/2"]
[WhiteCountry "IND"]
[BlackCountry "JPN"]
[WhiteElo "2529"]
[WhiteRD "71"]
[BlackElo "2468"]
[BlackRD "78"]
[GameID "429937"]

1. d4 d5 2. c4 Nc6 3. Nf3 Bg4 4. cxd5 Bxf3 5. exf3 Qxd5 6. Be3 e5 7. Nc3 Bb4 8. dxe5 Qxe5 9. Qb3 Nge7 10. f4 Bxc3+
11. bxc3 Qe4 12. O-O-O O-O 13. Bd3 Qxg2 14. Qxb7 Rab8 15. Qa6 Rfd8 16. Bc2 Rd6 17. Qc4 Rbd8 18. Bb3 Qg6 19. Rhg1 Qf6 20. Rg5 a5
21. Rd2 g6 22. Rc5 Rxd2 23. Bxd2 Rd6 24. Be3 Nf5 25. Kc2 Nce7 26. Rxa5 Nxe3+ 27. fxe3 Nf5 28. Re5 c6 29. a4 Kg7 30. Re8 Rd7
31. Qc5 Nd6 32. Ra8 Qh4 33. Qe5+ Kh6 34. Qg5+ Qxg5 35. fxg5+ Kxg5 36. a5 Nf5 37. e4 Ne3+ 38. Kb2 f5 39. e5 Re7 40. e6 Nd5
41. Rc8 Nc7 42. Bc4 f4 43. Kc2 h5 44. a6 Nxa6 45. Bxa6 Rxe6 46. Bb7 Kh4 47. Rxc6 Re7 48. Ba6 g5 49. Rc5 g4 50. Rf5 f3
51. Bd3 Ra7 52. Kb1 Rd7 53. Kc2 Ra7 54. c4 Ra2+ 55. Kc3 Rxh2 56. c5 Ra2 57. c6 g3 58. c7 Ra8 59. Rf4+ Kg5 60. Rxf3 Rc8
61. Rxg3+ Kf6 62. Rg6+ Ke7 63. Be4=
1/2-1/2

[Event "only the better players(over 2400) leisure version"]
[Site "SchemingMind.com"]
[Date "2018.07.06"]
[Round "-"]
[White "kibic"]
[Black "Ramesh Panwar"]
[Result "1/2-1/2"]
[WhiteCountry "INT"]
[BlackCountry "IND"]
[WhiteElo "2557"]
[WhiteRD "90"]
[BlackElo "2529"]
[BlackRD "71"]
[GameID "429938"]

1. e4 e5 2. Nf3 Nc6 3. Bb5 a6 4. Ba4 Nf6 5. O-O Be7 6. Re1 b5 7. Bb3 O-O 8. c3 d6 9. h3 h6 10. d4 Re8
11. Nbd2 exd4 12. cxd4 Na5 13. Bc2 c5 14. dxc5 dxc5 15. e5 Nh7 16. Be4 Bb7 17. Bxb7 Nxb7 18. Ne4 Nf8 19. a4 Qxd1 20. Rxd1 Na5
21. axb5 axb5 22. Be3 Nc4 23. Rxa8 Rxa8 24. Bxc5 Bxc5 25. Nxc5 Nxb2 26. Rb1 Ra2 27. h4 Ng6 28. g3 b4 29. h5 Ne7=
1/2-1/2

[Event "only the better players(over 2400) leisure version"]
[Site "SchemingMind.com"]
[Date "2018.07.06"]
[Round "-"]
[White "Ramesh Panwar"]
[Black "kibic"]
[Result "1/2-1/2"]
[WhiteCountry "IND"]
[BlackCountry "INT"]
[WhiteElo "2529"]
[WhiteRD "71"]
[BlackElo "2557"]
[BlackRD "90"]
[GameID "429939"]

1. d4 d5 2. c4 c6 3. Nc3 Nf6 4. e3 e6 5. Nf3 Nbd7 6. Bd3 dxc4 7. Bxc4 b5 8. Bd3 Bb7 9. O-O a6 10. e4 c5
11. d5 Qc7 12. dxe6 fxe6 13. Ng5 Qc6 14. Be2 b4 15. Na4 h6 16. Nh3 Rd8 17. Nf4 Ne5 18. Qc2 c4 19. Be3 g5 20. Nh5 Nxe4
21. f4 Ng3 22. Nf6+ Ke7 23. Bh5 gxf4 24. Rxf4 Nf5 25. Bb6 Kxf6 26. Bxd8+ Kg7 27. Re1 Bd6 28. Rxe5 Bxe5 29. Rg4+ Kf8 30. Ba5=
1/2-1/2

[Event "only the better players(over 2400) leisure version"]
[Site "SchemingMind.com"]
[Date "2018.07.06"]
[Round "-"]
[White "frankly"]
[Black "Ramesh Panwar"]
[Result "1/2-1/2"]
[WhiteCountry "ENG"]
[BlackCountry "IND"]
[WhiteElo "2559"]
[WhiteRD "71"]
[BlackElo "2493"]
[BlackRD "87"]
[GameID "429940"]

1. e4 e5 2. Nf3 Nc6 3. Bb5 a6 4. Ba4 Nf6 5. O-O Be7 6. Re1 b5 7. Bb3 d6 8. c3 O-O 9. h3 h6 10. d4 Re8
11. Bd2 Na5 12. Bc2 c5 13. d5 Nc4 14. Bc1 Nb6 15. b3 Bd7 16. Be3 Qc7 17. Nfd2 Nh7 18. a4 Bg5 19. Bxg5 Nxg5 20. Qe2 Rf8
21. Na3 bxa4 22. bxa4 Nxa4 23. f4 exf4 24. h4 Nh7 25. e5 dxe5 26. d6 Qd8 27. Nac4 Nb6 28. Nxe5 Nf6 29. Ne4 Nfd5 30. Nxc5 Ne3
31. Qf2 Bf5 32. Bxf5 Qxd6 33. Nxf7 Qxc5 34. Be6 Ra7 35. Ng5+ Kh8 36. Nh3 Re7 37. Nxf4 Rxf4 38. Qxe3 Qxe3+ 39. Rxe3 Nd5 40. Ree1 Nxc3
41. Rxa6 Rf8 42. Rea1 Ne2+ 43. Kh2 Rf4 44. Kh3 g6 45. R1a2=
1/2-1/2

[Event "only the better players(over 2400) leisure version"]
[Site "SchemingMind.com"]
[Date "2018.07.06"]
[Round "-"]
[White "Ramesh Panwar"]
[Black "frankly"]
[Result "1-0"]
[WhiteCountry "IND"]
[BlackCountry "ENG"]
[WhiteElo "2493"]
[WhiteRD "87"]
[BlackElo "2559"]
[BlackRD "71"]
[GameID "429941"]

1. d4 Nf6 2. c4 e6 3. Nc3 Bb4 4. e3 O-O 5. Bd3 d5 6. Nf3 c5 7. cxd5 exd5 8. dxc5 Nbd7 9. Bd2 Nxc5 10. Be2 Nce4
11. Nxe4 dxe4 12. Bxb4 exf3 13. Bxf8 fxg2 14. Rg1 Qxf8 15. Rxg2 Bh3 16. Rg1 Qb4+ 17. Qd2 Qh4 18. Rg3 Be6 19. Qd4 Qxd4 20. exd4 Rd8
21. Ra3 a6 22. Bf3 Bd5 23. Rc1 g6 24. Rc7 Ne8 25. Rc5 Nf6 26. b4 Be6 27. Rc7 Rxd4 28. Rxb7 Rf4 29. Bc6 Kg7 30. Rb6 h5
31. Raxa6 Ng4 32. b5 Nxh2 33. Rb8 Rb4 34. b6 Ng4 35. Ra5 Bf5 36. b7 Rb1+ 37. Ke2
1-0

[Event "only the better players(over 2400) leisure version"]
[Site "SchemingMind.com"]
[Date "2018.07.01"]
[Round "-"]
[White "Ramesh Panwar"]
[Black "Keithk"]
[Result "1/2-1/2"]
[WhiteCountry "IND"]
[BlackCountry "ENG"]
[WhiteElo "2459"]
[WhiteRD "104"]
[BlackElo "2561"]
[BlackRD "61"]
[GameID "429942"]

1. d4 Nf6 2. c4 e6 3. Nc3 d5 4. Nf3 c6 5. e3 Nbd7 6. Bd3 dxc4 7. Bxc4 b5 8. Bd3 Bb7 9. e4 b4 10. Na4 c5
11. e5 Nd5 12. O-O cxd4 13. Re1 g6 14. Bg5 Qa5 15. Nxd4 a6 16. a3 bxa3 17. bxa3 Bg7 18. Rb1 Rb8 19. Bd2 Qd8 20. Be4 O-O
21. f4 Re8 22. Qc2 Qc8 23. Qa2 Bf8 24. Rec1 Qd8 25. Nc6 Bxc6 26. Rxc6 Rxb1+ 27. Qxb1 Nb8 28. Rc4 Qd7 29. h3 Nb6 30. Qxb6 Qxd2
31. Qf2 Rd8 32. Nb6 Qa5 33. Kh2 Nd7 34. Nxd7 Rxd7 35. a4 Kg7 36. Bc6 Rd1 37. Rc2 Qb4 38. g3 Rd3 39. h4 h5 40. Qe2 Ra3
41. Ra2 Rb3 42. Qe4 Qb6 43. a5 Qc5 44. Bb7 Qa7 45. Bc6 Rc3 46. Bb7 Bc5 47. Rg2 Ra3 48. Bc8= Rxa5 49. Qb7 Qxb7 50. Bxb7 Ra3
51. Bc6 a5 52. Rc2 Bb6 53. Rb2 Bd4 54. Rb7 Bf2 55. Be8 Bxg3+ 56. Kg2 Kh6 57. Rxf7 Bxh4 58. Bd7 a4 59. Bxe6 Re3 60. Ra7 a3
61. Ra6 Be1 62. Kf1 Bb4 63. Bd5 Rd3 64. Be4 Rg3 65. f5 Bc5 66. Bd5 Rg5 67. Rxg6+ Rxg6 68. fxg6 Kxg6 69. e6 Be7 70. Kf2=
1/2-1/2

[Event "only the better players(over 2400) leisure version"]
[Site "SchemingMind.com"]
[Date "2018.07.01"]
[Round "-"]
[White "Keithk"]
[Black "Ramesh Panwar"]
[Result "1-0"]
[WhiteCountry "ENG"]
[BlackCountry "IND"]
[WhiteElo "2572"]
[WhiteRD "58"]
[BlackElo "2439"]
[BlackRD "107"]
[GameID "429943"]

1. e4 e5 2. Nf3 Nc6 3. Bb5 a6 4. Ba4 Nf6 5. O-O Be7 6. Re1 b5 7. Bb3 d6 8. c3 Na5 9. Bc2 c5 10. d4 cxd4
11. cxd4 Qc7 12. h3 O-O 13. Nbd2 Nc6 14. Nb3 a5 15. Be3 a4 16. Nbd2 Bd7 17. Rc1 Qb7 18. Nf1 Rfc8 19. Ng3 Bf8 20. Qe2 exd4
21. Nxd4 Ne5 22. f4 Nc4 23. Bf2 Rc7 24. Bd3 Re8 25. b3 axb3 26. axb3 Na3 27. Rcd1 b4 28. e5 dxe5 29. fxe5 h6 30. Ndf5 Nh7
31. Qh5 Re6 32. Nd6 Bxd6 33. exd6 Nf6 34. Qh4 Rxd6 35. Ne4
1-0

[Event "only the better players(over 2400) leisure version"]
[Site "SchemingMind.com"]
[Date "2018.07.08"]
[Round "-"]
[White "Jari Laine"]
[Black "sbb"]
[Result "1/2-1/2"]
[WhiteCountry "FIN"]
[BlackCountry "USA"]
[WhiteElo "2449"]
[WhiteRD "78"]
[BlackElo "2529"]
[BlackRD "85"]
[GameID "430098"]

1. c4 e5 2. Nc3 Bb4 3. Qc2 Nf6 4. Nf3 Bxc3 5. Qxc3 e4 6. Qe5+ Qe7 7. Qxe7+ Kxe7 8. Nd4 d5 9. b4 Nc6 10. Nxc6+ bxc6
11. Ba3 dxc4 12. e3 Be6 13. b5+ Kd7 14. bxc6+ Kxc6 15. Rc1 Kb5 16. Bb2 Rab8 17. f3 c5 18. Be5 Rb6 19. Be2 Ra6 20. Rc2 exf3
21. Bxf3 Nd5 22. Rxc4 Rxa2 23. Rc1 Nb4 24. Be2+ Kb6 25. Bxg7 Rg8 26. Bf6 Rxg2 27. Bd8+ Kc6 28. Bf3+ Bd5 29. Bxg2 Bxg2 30. Rg1 Nd3+
31. Ke2 Nxc1+ 32. Rxc1 Be4 33. Be7 Bc2 34. Rg1 Bb3 35. Rc1 Bc2 36. Rg1 Ra3 37. Rg5 f5 38. Bf6 Rd3 39. Bc3 a6 40. Rg7 Rd7
41. Rxd7 Kxd7 42. d3 Kc6 43. Kd2 Bb3 44. Bb2 Bf7 45. Kc2 Kb5 46. Kc3 Kc6 47. Kd2 Kd5 48. Bc3 Kc6 49. Kc2 Bd5 50. h4 h5
51. Be5 Be6 52. Bc3 Bd5 53. Bd2 Kb5 54. Bc1 Bc6 55. Kb3 Bd5+ 56. Kc3 Bf7 57. Bd2 Be6 58. Bc1=
1/2-1/2

[Event "only the better players(over 2400) leisure version"]
[Site "SchemingMind.com"]
[Date "2018.07.08"]
[Round "-"]
[White "sbb"]
[Black "Jari Laine"]
[Result "1-0"]
[WhiteCountry "USA"]
[BlackCountry "FIN"]
[WhiteElo "2553"]
[WhiteRD "87"]
[BlackElo "2494"]
[BlackRD "77"]
[GameID "430099"]

1. d4 e6 2. c4 f5 3. Nf3 Nf6 4. Nc3 Bb4 5. Bd2 O-O 6. g3 b6 7. Bg2 Bb7 8. O-O a5 9. Rc1 Na6 10. a3 Be7
11. Re1 Ne4 12. Ne5 d6 13. Nd3 Bf6 14. e3 Qd7 15. Nxe4 Bxe4 16. Bc3 Bxg2 17. Kxg2 c5 18. b3 Qb7+ 19. Kg1 Nc7 20. Qc2 Rae8
21. b4 axb4 22. axb4 b5 23. dxc5 bxc4 24. Nf4 d5 25. Bxf6 Rxf6 26. Rb1 e5 27. Ne2 Nb5 28. Rbd1 Nc7 29. Rb1 Nb5 30. Rbd1 Nc7
31. Qd2 Rfe6 32. Rb1 Qc6 33. Red1 Rd8 34. Qc2 g6 35. Ra1 Rb8 36. Qd2 Ree8 37. f4 Na6 38. Rab1 Qe6 39. Re1 Kf7 40. fxe5 Qxe5
41. Nd4 Qe4 42. c6 Rb6 43. b5 Nc7 44. Qc3 Ra8 45. Ra1 Rxa1 46. Qxa1 Nxb5 47. Nxb5 Rxb5 48. c7 Rc5 49. Qh8 Qe8 50. Qxh7+ Kf6
51. Kf2
1-0

[Event "only the better players(over 2400) leisure version"]
[Site "SchemingMind.com"]
[Date "2018.07.08"]
[Round "-"]
[White "Professor"]
[Black "sbb"]
[Result "1/2-1/2"]
[WhiteCountry "USA"]
[BlackCountry "USA"]
[WhiteElo "2555"]
[WhiteRD "80"]
[BlackElo "2524"]
[BlackRD "73"]
[GameID "430102"]

1. e4 e5 2. Nf3 Nc6 3. Bb5 a6 4. Ba4 Nf6 5. d3 d6 6. c3 g6 7. O-O Bg7 8. Re1 O-O 9. Nbd2 Re8 10. h3 h6
11. Nf1 b5 12. Bc2 a5 13. a4 b4 14. Ne3 Rb8 15. Bb3 Be6 16. Bxe6 Rxe6 17. Nd5 Re8 18. Nxf6+ Qxf6 19. Be3 Qe6 20. Qc2 f5
21. Bd2 Rec8=
1/2-1/2